|
|
|
|
| LEADER |
00000nab a2200000 a 4500 |
| 001 |
vtls000925032 |
| 003 |
SK-MaSNL |
| 005 |
20260303033611.0 |
| 008 |
040720e19971108xo 0 slo |
| 035 |
|
|
|a KE33909
|
| 040 |
|
|
|a KEVKJB
|b slo
|c KEVKJB
|e AACR2
|
| 041 |
0 |
|
|a slo
|
| 044 |
|
|
|a xo
|c SK
|
| 080 |
|
|
|a 669.1
|2 1981
|
| 080 |
|
|
|a 929
|2 1981
|
| 100 |
1 |
|
|a Rezeš, Alexander
|4 aut
|9 783741
|
| 245 |
1 |
0 |
|a A. Rezeš: Možno už prekračujeme povolenú rýchlosť
|b S predsedom Dozornej rady VSŽ
|
| 590 |
|
|
|a Rezeš, Alexander 1948-2002
|b podnikateľ, minister dopravy, spojov, prezident klubu
|
| 600 |
1 |
7 |
|a Rezeš, Alexander
|d 1948-2002
|2 KEVKJB
|9 96272
|
| 610 |
2 |
7 |
|a Východoslovenské železiarne (Košice, Slovensko)
|2 KEVKJB
|
| 610 |
2 |
7 |
|a Východoslovenské železiarne Holding (Košice, Slovensko)
|2 snkbucl
|9 29927
|
| 650 |
0 |
7 |
|a činnosť
|2 KEVKJB
|9 282874
|
| 650 |
0 |
7 |
|a rozhovory
|2 KEVKJB
|9 453585
|
| 651 |
|
7 |
|a Košice (Slovensko)
|2 KEVKJB
|9 18694
|
| 651 |
|
7 |
|a KE,
|2 KEVKJB
|9 877256
|
| 655 |
|
7 |
|a periodikum
|2 snkbucl
|9 29553
|
| 710 |
2 |
|
|a Východoslovenské železiarne (Košice, Slovensko)
|4 aut
|
| 773 |
0 |
8 |
|t Národná obroda
|g Roč. 8
|g Roč. 28, č.257, 8.11.1997, s. 1,3
|
| 852 |
|
|
|a ZVYKNI
|b KIS3GCP
|
| 999 |
|
|
|c 1670751
|d 1672681
|